000 00637nam a2200229Ia 4500
005 20230414124106.0
008 230125s9999 xx 000 0 und d
020 _a9789352806171
041 _aeng
082 _a658.018
_bKUM
100 _aKumar M
_9108085
245 _aPositioning Research : Shiffing Paradigms , Interdisciplinarity and Indigeneity
250 _a1st Ed.
260 _c2018
_bSage publication
_aNew Delhi
300 _a296p
500 _aResearch methodology
650 _aResearch methodology
700 _aKumar M & Pattanayak S
_9118127
906 _b166.6
942 _cBK
999 _c96111
_d96111